02143nam a2200277 i 4500001001500000005001700015008004100032020001800073040002300091082002200114100003800136245012000174260009500294300002100389490002700410520105400437650003601491650003901527650004301566650003801609650003501647651002801682942001001710999001501720952013001735Rebiun0280280720260407155745.0001219s2000 sp 001 0 spa c a9788478469345 aSpMaUCCEdAR-MoUNM0 220a336bCARC 2651 aCárceles de Gea, Beatriz91375010aFraude y desobediencia fiscal en la Corona de Castilla en el siglo XVII :b1621-1700 / cBeatriz Cárceles de Gea. aValladolid : bJunta de Castilla y León. Consejería de Educación y Cultura, cc2000. a365 p. ;c25 cm.0 a(Estudios de historia)8 aEl punto de partida del estudio es el análisis del recurso de impuesto de los millones como una fórmula de la contribución universal que ofrece una saneada fuente de ingresos a la corona. Los «Millones» fueron durante los siglos XVI y XVII un impuesto indirecto sobre la alimentación impuesto por Felipe II, aprobado por las Cortes de Castilla el 4 de abril de 1590. Se aplicaba sobre el consumo de las seis especias: vino, vinagre, aceite, carne, jabón y velas de cebo, se renovaba de seis en seis meses. La autora no se interesa por el monto de los impuestos ni por su eficacia de cara a los apuros del monarca ni por los efectos sobre las distintas clases sociales ni sobre su impacto sobre la economía castellana. La autora trata de definir las consecuencias que pudo tener la propuesta hacendística de la corona sobre el contrato que fundamentaba la relación entre el rey y el reino , o dicho en otras palabras sobre la constitución interna que regulaba los derechos y deberes respectivos de la Monarquía y sus vasallos.  72unescotaHACIENDA PUBLICA91785 7aRECURSOS FINANCIEROS2unescot9274 72unescotaDISTRIBUCION DEL INGRESO9109 72unescotaCONFLICTO POLITICO91672 72unescotaCRISIS POLITICA92333 7aESPAÑA2unescot92861 cLIBRO c9595d9596 00104070aUNMbUNMd2018-08-02i16528l3m2o336 CARC 265p16528r2024-06-03 00:00:00s2024-05-21tEj. Cw2018-08-02yLIBRO